000 00385nam a22001697a 4500
003 UA-OsUOA
001 1629
007 ta
008 20050721b un ||||| |||| 00| 0 ukr d
100 _aBozois
700 _aGardner
942 _cBK
040 _aUA-OsUOA
_cUA-OsUOA
_dUA-OsUOA
245 _aBest Science Fiction Stories of the Year. Tenth An
_bFiction
955 _a2
650 7 _2UDC
999 _c287791
_d287791